ბათუმის შოთა რუსთაველის სახელმწიფო უნივერსიტეტის ბიბლიოთეკა

მტაცებელ ცხოველთა სავეტერინარო-სამედიცინო მნიშვნელობის პარაზიტი ჭიები საქართველოში / (ბიბ.ჩანაწერი № 62046)

000 -ლიდერი
ფიქსირებული სიგრძის საკონტროლო ველი 01137nam a22001937a 4500
003 - საკონტროლო ნომრის იდენტიფიკატორი
საკონტროლო ველი Ge_BSU
005 - ბოლო ოპერაციის თარიღი და დრო
საკონტროლო ველი 20240627105715.0
008 - ფიქსირებული სიგრძის მონაცემთა ელემენტები - ზოგადი ინფორმაცია
ფიქსირებული სიგრძის საკონტროლო ველი 240627s1955 ge ||||| |||| 00| 0 geo d
041 ## - ენის კოდი
Language code of text/sound track or separate title geo
080 ## - უნივერსალური ათობითი კლასიფიკაციის ინდექსი
Universal Decimal Classification number 591.69-9(479.22) რ-73
100 ## - მთავარი ჩანაწერი - პიროვნების სახელი
Personal name როდონაია, თ.
9 (RLIN) 22604
245 ## - ცნობა სათაურის შესახებ
Title მტაცებელ ცხოველთა სავეტერინარო-სამედიცინო მნიშვნელობის პარაზიტი ჭიები საქართველოში /
Statement of responsibility, etc თ. როდონაია; რედ. ბ. ყურაშვილი.
264 ## - წარმოების, გამოცემის, დისტრიბუციის და სხვა ცნობები
გამოცემის, წარმოების, დისტრიბუციის... ადგილი თბ. :
გამოცემის, წარმოების, დისტრიბუციის... სახელწოდება საქ. სსრ მეცნ. აკად. გამ-ბა და სტ.,
გამოცემის, წარმოების, დისტრიბუციის... თარიღი 1955.
300 ## - ფიზიკური აღწერა
Extent 34 გვ. :
Other physical details ილ. ;
Dimensions 20 სმ.
490 ## - სერიის ცნობა
Series statement მეცნიერულ-პოპულარული სერია
653 ## - INDEX TERM--UNCONTROLLED
Uncontrolled term მტაცებელი ცხოველების პარაზიტი ჭიები საქართველოში
700 ## - ADDED ENTRY--PERSONAL NAME
Personal name ყურაშვილი, ბ.
Relator term რედაქტორი
9 (RLIN) 22605
942 ## - ADDED ENTRY ELEMENTS (KOHA)
Source of classification or shelving scheme
Koha item type წიგნი
ეგზემპლარები
ჩამოწერის სტატუსი დაკარგული ეგზემპლარის სტატუსი კლასიფიკაციის წყარო ან თაროზე გაწყობის სქემა დაზიანების სტატუსი არ გაიცემა მუდმივი მდებარეობა (დაცვის ადგილი) ამჟამინდელი ადგილსამყოფელი თაროზე განთავსების ადგილი შეძენის თარიღი ღირებულება, შესყიდვის ნორმალური ფასი სრული შენახვის შიფრი შტრიხკოდი ბოლო ოპერაციის თარიღი ეგზემპლარის მიმდევრობითი ნომერი (კეტერი?) ფასის ძალაში შესვლის თარიღი ეგზემპლარის სახეობა საჯარო შენიშვნა
          ბათუმის შოთა რუსთაველის სახელმწიფო უნივერსიტეტის მთავარი ბიბლიოთეკა ბათუმის შოთა რუსთაველის სახელმწიფო უნივერსიტეტის მთავარი ბიბლიოთეკა წიგნსაცავი 2024-06-27 0.10 591.69-9(479.22) რ-73 68361 2024-06-27 68361 2024-06-27 წიგნი 0.10 თ.